|
|
|
|
| LEADER |
00000nam2a2200000 4500 |
| 001 |
311042 |
| 005 |
20231102002340.0 |
| 035 |
|
|
|a (RuTPU)RU\TPU\book\336397
|
| 090 |
|
|
|a 311042
|
| 100 |
|
|
|a 20151202d1976 km y0rusy50 ca
|
| 101 |
0 |
|
|a rus
|
| 102 |
|
|
|a UZ
|
| 105 |
|
|
|a a z 000zy
|
| 200 |
0 |
|
|a Т. 1 : Теоретические основы азотнокислотной переработки фосфатов
|
| 210 |
|
|
|d 1976
|
| 215 |
|
|
|a 367 с.
|c ил.
|
| 461 |
|
1 |
|0 (RuTPU)RU\TPU\book\123704
|t Азотнокислотная переработка фосфатов
|o в 2 т.
|f М. Н. Набиев
|g Академия наук Узбекской ССР (АН УзССР), Институт химии
|v Т. 1 : Теоретические основы азотнокислотной переработки фосфатов
|e 2-е доп. и перераб изд.
|d 1976
|
| 606 |
1 |
|
|a Фосфаты
|x Переработка азотнокислотная
|2 stltpush
|3 (RuTPU)RU\TPU\subj\32251
|9 54858
|
| 610 |
1 |
|
|a химия
|
| 610 |
1 |
|
|a химизм
|
| 610 |
1 |
|
|a физико-химический анализ
|
| 610 |
1 |
|
|a фосфатное сырье
|
| 610 |
1 |
|
|a извлечение
|
| 610 |
1 |
|
|a состав
|
| 610 |
1 |
|
|a выделение
|
| 610 |
1 |
|
|a азотокислотнные растворы
|
| 610 |
1 |
|
|a переработка
|
| 675 |
|
|
|a 661.632
|v 4
|
| 801 |
|
1 |
|a RU
|b 63413507
|c 20151202
|
| 801 |
|
2 |
|a RU
|b 63413507
|c 20180925
|g RCR
|
| 942 |
|
|
|c BK
|